Tiere mit "K" aufzählen - Statistiken

Allgemein
  • Dieses Quiz wurde 487 mal gespielt
  • Das Durchschnittsergebnis liegt bei 23 aus 63
Antwortstatistiken
Tier mit K % Korrekt
Katze / Kater
87%
Känguru
82%
Koala
71%
Kamel
70%
Kuh
70%
Krokodil
68%
Käfer
66%
Kakadu
64%
Kröte
62%
Karpfen
58%
Kobra
58%
Kranich
58%
Krabbe
56%
Krebs
54%
Kaiserpinguin
53%
Kaninchen / Karnickel
53%
Krähe
52%
Kalb
50%
Kolibri
50%
Kaulquappe
49%
Kiwi
43%
Koi
41%
Kuckuck
41%
Kaiman
40%
Kolkrabe
39%
Kabeljau
37%
Klapperschlange
37%
Kohlmeise
37%
Krake
33%
Kakerlake
32%
Kleiber
32%
Kugelfisch
32%
Kormoran
31%
Kauz
30%
Kalmar
29%
Kanarienvogel
29%
Kegelrobbe
29%
Kiebitz
29%
Karibu
27%
Katta
27%
Komodowaran
27%
Keiler
26%
Königstiger
26%
Kapuzineraffe
25%
Kojote
25%
Killerwal
24%
Koralle
24%
Kreuzotter
24%
Katzenhai
23%
Kellerassel
23%
Kondor
23%
Kreuzspinne
23%
Karakal
20%
Kragenbär
20%
Küken
20%
Kornnatter
19%
Königsphyton
16%
Karausche
14%
Kodiakbär
13%
Kartoffelkäfer
11%
Koboldmaki
5%
Kakapo
4%
Küchenschabe
4%
Keine übereinstimmenden Quizze gefunden
Verteilung der Resultate
Anzahl Personen mit jedem Resultat
Perzentil nach korrekt beantworteten Fragen
Ihre Resultats-Entwicklung
Sie haben dieses Quiz noch nicht gespielt